000 00541nam a2200181 i 4500
001 75972
003 ES-MaACL
005 20230906172656.0
007 t|
008 040928s1977 sp ||||1| spa d
100 1 _aGrisez, Jean.
_960086
245 1 0 _aMétodos de la psicología social /
_cJean Grisez ; [versión, Gonzalo Gonzalvo Mainar].
260 _aMadrid :
_bMorata :
_bBenzal,
_c[1977]
300 _a174 p. ;
_c21 cm.
700 1 _aGonzalvo Mainar, Gonzalo.
_9181407
852 _aES-MaACL
_jA-6562
_bR.95590
999 _c75972
_d75972